| 000 | 00579nam a22001937a 4500 | ||
|---|---|---|---|
| 999 |
_c6875 _d6875 |
||
| 003 | AR-CdUCM | ||
| 008 | 190319b ||||| |||| 00| 0 spa d | ||
| 040 |
_aMUNICIPALIDAD PROVINCIAL DEL CUSCO _cBIBLIOTECA MUNICIPAL DEL CUSCO |
||
| 082 |
_a869.75 / _bB97 |
||
| 100 |
_aButazzoni, Fernando _919379 |
||
| 245 | _aLos dias de nuestra sangre / | ||
| 260 |
_aCuba : _bCasa de las Américas, _c1979. |
||
| 300 |
_a99 páginas ; _c19 cm. |
||
| 500 | _aDonación familia Nieto | ||
| 650 |
_aLiteratura uruguaya _915526 |
||
| 650 |
_aSiglo XX _98 |
||
| 942 |
_2ddc _cLIBROS |
||
| 945 | _aafb | ||